|
|
|
|
| LEADER |
00000cam a22000002c 4500 |
| 001 |
1084230925 |
| 003 |
DE-627 |
| 005 |
20251224220046.0 |
| 007 |
tu |
| 008 |
880624s1982 xx ||||| 00| ||und c |
| 035 |
|
|
|a (DE-627)1084230925
|
| 035 |
|
|
|a (DE-576)014230925
|
| 035 |
|
|
|a (DE-599)BSZ014230925
|
| 035 |
|
|
|a (OCoLC)08281057
|
| 035 |
|
|
|a (DE-604)8064764885
|
| 040 |
|
|
|a DE-627
|b ger
|c DE-627
|e rakwb
|
| 082 |
0 |
|
|a 157/.0243632
|
| 100 |
1 |
|
|a Russell, Harold E.
|4 aut
|
| 245 |
1 |
0 |
|a Understanding human behavior for effective police work
|c Harold E. Russell and Allan Beigel
|
| 250 |
|
|
|a 2nd ed.
|
| 264 |
|
1 |
|a New York
|b Basic Books
|c 1982
|
| 300 |
|
|
|a XIV, 352 S.
|
| 336 |
|
|
|a Text
|b txt
|2 rdacontent
|
| 337 |
|
|
|a ohne Hilfsmittel zu benutzen
|b n
|2 rdamedia
|
| 338 |
|
|
|a Band
|b nc
|2 rdacarrier
|
| 583 |
1 |
|
|a Archivierung prüfen
|c 20200919
|f DE-640
|z 2
|2 pdager
|
| 689 |
0 |
0 |
|d s
|0 (DE-588)4046595-0
|0 (DE-627)106197525
|0 (DE-576)209070196
|a Polizei
|2 gnd
|
| 689 |
0 |
1 |
|d s
|0 (DE-588)4033186-6
|0 (DE-627)106258567
|0 (DE-576)209000538
|a Kriminalpsychologie
|2 gnd
|
| 689 |
0 |
|
|5 (DE-627)
|
| 689 |
1 |
0 |
|d s
|0 (DE-588)4000320-6
|0 (DE-627)106401556
|0 (DE-576)208837620
|a Abweichendes Verhalten
|2 gnd
|
| 689 |
1 |
1 |
|d s
|0 (DE-588)4033186-6
|0 (DE-627)106258567
|0 (DE-576)209000538
|a Kriminalpsychologie
|2 gnd
|
| 689 |
1 |
|
|5 (DE-627)
|
| 700 |
1 |
|
|a Beigel, Allan
|4 aut
|
| 951 |
|
|
|a BO
|
| ELC |
|
|
|b 1
|
| LOK |
|
|
|0 000 xxxxxcx a22 zn 4500
|
| LOK |
|
|
|0 001 2107462127
|
| LOK |
|
|
|0 003 DE-627
|
| LOK |
|
|
|0 004 1084230925
|
| LOK |
|
|
|0 005 20020606000000
|
| LOK |
|
|
|0 008 880624||||||||||||||||ger|||||||
|
| LOK |
|
|
|0 040
|a DE-21
|c DE-627
|d DE-21
|
| LOK |
|
|
|0 852
|a DE-21
|
| LOK |
|
|
|0 852 1
|c KB 13 A 954
|9 00
|
| LOK |
|
|
|0 935
|a krim
|
| LOK |
|
|
|0 936ln
|a k4.5.1.4
|
| LOK |
|
|
|0 939
|a 24-06-88
|b l01
|
| ORI |
|
|
|a SA-MARC-krimdoka001.raw
|
| SIG |
|
|
|a UB: KB 13 A 954
|